Pramana, Journal of Physics (Record no. 4398)

MARC details
000 -LEADER
fixed length control field 00334nam a22001457a 4500
005 - DATE AND TIME OF LATEST TRANSACTION
control field 20160628112338.0
008 - FIXED-LENGTH DATA ELEMENTS--GENERAL INFORMATION
fixed length control field 160628b xxu||||| |||| 00| 0 eng d
041 ## - LANGUAGE CODE
Language code of text/sound track or separate title eng
082 ## - DEWEY DECIMAL CLASSIFICATION NUMBER
Item number 10754
245 ## - TITLE STATEMENT
Title Pramana, Journal of Physics
260 ## - PUBLICATION, DISTRIBUTION, ETC. (IMPRINT)
Name of publisher Indian Academy of Sciences
300 ## - PHYSICAL DESCRIPTION
Number of Pages 165
650 ## - SUBJECT ADDED ENTRY--TOPICAL TERM
Topical Term Journal
942 ## - ADDED ENTRY ELEMENTS (KOHA)
Koha item type Journals/Serial
Holdings
Lost status Damaged status Home library Current library Shelving location Date acquired Cost, normal purchase price Full call number Accession Number Koha item type
    JRU Library JRU Library SHELF -72- G 28/06/2016 50.00 10754 10754 Journals/Serial